Comprendre Melanie Klein (notice n° 1567399)

détails MARC
000 -LEADER
fixed length control field 01448cam a2200133 4500500
005 - DATE AND TIME OF LATEST TRANSACTION
control field 20251214002753.0
041 ## - LANGUAGE CODE
Language code of text/sound track or separate title fre
042 ## - AUTHENTICATION CODE
Authentication code dc
100 10 - MAIN ENTRY--PERSONAL NAME
Personal name Parmentier, Sabine
Relator term author
245 00 - TITLE STATEMENT
Title Comprendre Melanie Klein
260 ## - PUBLICATION, DISTRIBUTION, ETC.
Name of publisher, distributor, etc. Armand Colin,<br/>
Date of publication, distribution, etc. 2009.<br/>
520 ## - SUMMARY, ETC.
Summary, etc. L'influence de Melanie Klein a été considérable sur le développement de la psychanalyse. C'est elle qui, la première, après les travaux fondateurs de Sigmund Freud, a critiqué, enrichi les théories naissantes, au prix, parfois, de violents conflits avec Anna Freud. Toute son œuvre repose sur une conception originale de l'inconscient et du fonctionnement mental qui lui a permis, très tôt, de considérer le nourrisson comme une personne. Dès lors, le psychisme inconscient, avec sa prédominance dans l'enfance, s'ouvre à l'exploration psychanalytique. Elle est aussi la première à avoir compris la différence entre un enfant psychotique et un enfant autiste. Tous les thérapeutes d'enfants en sont les héritiers. Si, aujourd'hui, son œuvre est à redécouvrir, c'est aussi parce qu'elle y défend une sensibilité méticuleuse à la trame la plus fine des relations unissant l'analyste à l'analysant, et à ses réactions aux interprétations. Cette sensibilité est à recommander à tout analyste, quelle que soit son obédience.
856 41 - ELECTRONIC LOCATION AND ACCESS
Uniform Resource Identifier <a href="https://shs.cairn.info/comprendre-melanie-klein--9782200355364?lang=fr&redirect-ssocas=7080">https://shs.cairn.info/comprendre-melanie-klein--9782200355364?lang=fr&redirect-ssocas=7080</a>

Pas d'exemplaire disponible.

PLUDOC

PLUDOC est la plateforme unique et centralisée de gestion des bibliothèques physiques et numériques de Guinée administré par le CEDUST. Elle est la plus grande base de données de ressources documentaires pour les Étudiants, Enseignants chercheurs et Chercheurs de Guinée.

Adresse

627 919 101/664 919 101

25 boulevard du commerce
Kaloum, Conakry, Guinée

Réseaux sociaux

Powered by Netsen Group @ 2025